| Tag |
First Indicator |
Second Indicator |
Subfields |
| LEADER |
00000cam a2200000 i 4500 |
| 001 |
in00000061446 |
| 005 |
20151007082750.0 |
| 008 |
790925s1965 wau b 00110 eng d |
| 010 |
|
|
|a 65014840
|
| 035 |
|
|
|a (OCoLC)05424671
|
| 035 |
|
|
|9 AAF8373AM
|
| 040 |
|
|
|a KSU
|c KSU
|d TXA
|d UtOrBLW
|
| 049 |
|
|
|a TXAM
|c 2 [428771]
|
| 050 |
|
0 |
|a E185.89.H6
|b N6
|
| 092 |
|
|
|a 301.54
|b N881u
|
| 100 |
1 |
|
|a Northwood, Lawrence K.
|q (Lawrence King),
|d 1917-
|
| 245 |
1 |
0 |
|a Urban desegregation :
|b Negro pioneers and their white neighbors [by] /
|c L. K. Northwood and Ernest A. T. Barth.
|
| 264 |
|
1 |
|a Seattle :
|b University of Washington Press,
|c 1965.
|
| 300 |
|
|
|a xv, 131 pages ;
|c 23 cm.
|
| 336 |
|
|
|a text
|b txt
|2 rdacontent
|
| 337 |
|
|
|a unmediated
|b n
|2 rdamedia
|
| 338 |
|
|
|a volume
|b nc
|2 rdacarrier
|
| 504 |
|
|
|a Bibliography: pages 121-131.
|
| 650 |
|
0 |
|a African Americans
|x Housing.
|
| 650 |
|
0 |
|a Discrimination in housing
|z Washington (State)
|z Seattle
|x Case studies.
|
| 700 |
1 |
|
|a Barth, Ernest A. T.
|
| 999 |
|
|
|a MARS
|
| 999 |
f |
f |
|s f25aee42-d0d2-3dad-a813-37bd7ce445a3
|i dc6cdf9f-5020-340b-87ce-6b8e36280d8e
|t 0
|
| 952 |
f |
f |
|p ric
|a Texas A&M University
|b Rellis Campus
|c Joint Library Facility
|d Remote Storage
|t 0
|e E185.89.H6 N6
|h Library of Congress classification
|i unmediated -- volume
|m A14800644322
|
| 998 |
f |
f |
|a E185.89.H6 N6
|t 0
|l Remote Storage
|